000 00656nam a2200217 i 4500
001 134924
003 ES-MaACL
005 20231227144951.0
007 t|
008 070703s1972 sp |||| | spa d
080 _a378.18.06
100 1 _aTierno Galván, Enrique,
_d1918-1986
_9110235
245 1 3 _aLa rebelión juvenil y el problema de la Universidad /
_cEnrique Tierno Galván.
260 _a[Madrid] :
_bSeminarios y Ediciones,
_c[1972]
300 _a142 p. ;
_c18 cm.
490 1 _aHora h ;
_v27
650 4 _aMovimientos estudiantiles.
_915221
830 0 _aHora h ;
_v27
_9181966
852 _aES-MaACL
_jC-52703
999 _c134924
_d134924